000 00273nam a22001217a 4500
003 OSt
005 20260213164544.0
008 260213b |||||||| |||| 00| 0 eng d
040 _cfms
100 _aBlanchard(o)
_91115853
245 _aMacro economics
942 _2CC
_cTB
_n0
999 _c1679684
_d1679684